Rosa, minha irmã Rosa (Registo nº 2579)

Detalhes MARC
000 -Etiqueta do registo
Cabeçalho 00750nam a22002771 4500
005 - Identificador da versão
Campo de controlo 20240813121938.0
095 ## -
-- PTBN00023674
010 ## - Número internacional normalizado dos livros (ISBN)
Número (ISBN) 9724217515
021 ## - Número do Depósito Legal
Código do país PT
Número 119474/98
100 ## - Dados gerais de processamento
Dados gerais de processamento 19980405d1998 da y0pory5003 ba
102 ## - Pais de publicação ou produção
País de publicação Portugal
101 0# - Língua de publicação
Língua do texto, banda sonora, etc. Português
106 ## - Campo de dados codificados: material textual
Dados codificados do material textual r
105 ## - Campo de dados codificados: livros
Dados codificados dos livros y z 000zy
215 ## - Descrição física 
Indicação específica da natureza do documento e extensão da espécie 127, [1] p.
Dimensões 18 cm
200 1# - Titulo e menção de responsabilidade
Título próprio Rosa, minha irmã Rosa
Primeira menção de responsabilidade Alice Vieira
225 2# - Colecção 
Título próprio da colecção Ler é divertido
210 ## - Publicação, Distribuição, etc. 
Lugar da edição, distribuição, etc. [Lisboa]
Nome do editor, distribuidor, etc. Círculo de Leitores
Data da publicação, distribuição, etc. imp. 1998
606 ## - Nome comum usado como assunto
Número de registo de entrada de autoridade 0001254
Palavra de ordem Literatura portuguesa infanto-juvenil
Subdivisão de assunto Romance
675 ## - Classificação Decimal Universal (CDU)
Notação 821.134.3-31
Edição
Língua da edição por
700 #1 - Nome de autor-pessoa física (responsabilidade principal)
Número de registo de entrada de autoridade 0000058
Palavra de ordem Vieira
Outra parte do nome não tomada para palavra de ordem Alice
Datas 1943-
942 ## - Elementos de entrada adicionados (Koha)
Tipo de item no Koha Livro
Exemplares
Situação do levantamento Origin of item (home branch) (coded) Biblioteca de empréstimo Código de barras Cota Circulation type (not for loan) Tipo de documento Nota do exemplar Damaged status
  Biblioteca Escolar da Coca Maravilhas Biblioteca Escolar da Coca Maravilhas BECM3965/98 8POR VIE   Livro Sem mensagem